000 00569nam a2200169 a 4500
001 000035875
005 20200930074702.0
008 111115s1979 ve 000 0 spa d
040 _aDO-SdBNP
_bspa
_cBNPHU
082 _axxx
_bM183r
100 1 _aMaduro, Otto
_961865
245 1 0 _aReligión y lucha de clases /
_cOtto Maduro ; prólogo Luis Ugalde.
260 _aCaracas, Venezuela :
_bAteneo de Caracas,
_c1979.
300 _a219 p. ;
_c22 cm.
590 _aPerteneció a la biblioteca personal de Juan Isidro Jimenes Grullón
700 1 _aUgalde, Luis,
_epról.
_932762
999 _c35366
_d35366